Testamento de Hernán Cortés (Record no. 2082)

MARC details
000 -CABECERA
campo de control de longitud fija 00510nam a2200157 a 4500
001 - NÚMERO DE CONTROL
campo de control BRCA_2338
005 - FECHA Y HORA DE LA ÚLTIMA TRANSACCIÓN
campo de control 20190320203751.0
008 - DATOS DE LONGITUD FIJA--INFORMACIÓN GENERAL
campo de control de longitud fija 071008s1925----mx-#---###---#000-0#spa-#
050 #4 - SIGNATURA TOPOGRÁFICA DE LA BIBLIOTECA DEL CONGRESO
Número de clasificación F1230
Número de documento/Ítem .C84 1925
100 1# - ENTRADA PRINCIPAL--NOMBRE DE PERSONA
Nombre de persona Cuevas y García, Mariano
Fechas asociadas al nombre 1879-1949
9 (RLIN) 7023
245 10 - MENCIÓN DE TÍTULO
Título Testamento de Hernán Cortés
Mención de responsabilidad, etc. Descubierto y anotado por Mariano Cuevas.
260 ## - PUBLICACIÓN, DISTRIBUCIÓN, ETC.
Lugar de publicación, distribución, etc. México
Nombre del editor, distribuidor, etc. Joseph, Arch. de México
Fecha de publicación, distribución, etc. 1925
300 ## - DESCRIPCIÓN FÍSICA
Extensión 47 p.
Dimensiones 28 cm.
600 14 - PUNTO DE ACCESO ADICIONAL DE MATERIA--NOMBRE DE PERSONA
Nombre de persona Cortés, Hernando
Fechas asociadas al nombre 1485-1547
Subdivisión general Testamento
9 (RLIN) 7024
942 ## - ELEMENTOS DE PUNTO DE ACCESO ADICIONAL (KOHA)
Fuente del sistema de clasificación o colocación Library of Congress Classification
Tipo de ítem Koha Libros
Holdings
Estado de retiro Estado de pérdida Estado dañado No para préstamo Localización permanente Ubicación/localización actual Fecha de adquisición Total de préstamos Signatura topográfica completa Código de barras Fecha visto por última vez Precio válido a partir de Tipo de ítem Koha
El ejemplar forma parte de la colección y puede ser consultado según las políticas vigentes.       Biblioteca del Museo Franz Mayer (Rogerio Casas-Alatriste) Biblioteca del Museo Franz Mayer (Rogerio Casas-Alatriste) 07/10/2008   F1230 .C84 1925 01032 22/03/2019 22/03/2019 Libros